000
00184 a2200085 4500
020
_a
9782090318784
245
_a
Les trois mousquetaires
260
_b
CLE International
_c
2016
942
_c
BK
999
_c
57864
_d
57864